sherlock trivia quiz - Statistics

General Stats
  • This quiz has been taken 713 times
  • The average score is 6 of 14
Answer Stats
Hint Answer % Correct
what is sherlocks last name? Holmes
100%
what is his brothers name? Mycroft Holmes
83%
who has a crush on sherlock? Molly Hooper
78%
what is sherlocks sidekicks full name? John Hamish Watson
67%
what appartment do they live in? 221b
54%
who is his biggest enemy? Moriarty
54%
who is their landlord? mrs. hudson
54%
who does he go to to help him fake his death? Molly Hooper
51%
what do people usually call him? freak
30%
how does he take his coffee? black two sugars
22%
what job does moriarty pretend to have to trick john? actor
19%
who also has a crush on sherlock and worked for his brother? Irene Adler
2%
how does he "kill" himself? jumps off a building
2%
what does he do to molly at the christmas party after he is mean to her? kisses her
1%
No matching quizzes found
Score Distribution
Percent of People with Each Score
Percentile by Number Answered
Your Score History
You have not taken this quiz